La caza y los toros
Gardado en:
| Formato: | Libro |
|---|---|
| Idioma: | Lingua castelá |
| Publicado: |
Madrid
Espasa-Calpe
1962
|
| Series: | Colección Austral, 1328
|
| Subjects: | |
| Tags: |
Engadir etiqueta
Sen Etiquetas, Sexa o primeiro en etiquetar este rexistro!
|
MARC
| LEADER | 00000nam a2200000 a 4500 | ||
|---|---|---|---|
| 001 | UCZ3756 | ||
| 003 | CL-VaPUC | ||
| 008 | 951027e19620000SP |||||||||||||||||spa|d | ||
| 082 | 0 | 4 | |a 196.1 |b ORT |2 21 |
| 245 | 1 | 3 | |a La caza y los toros |
| 300 | |a 170 p | ||
| 942 | |c BK | ||
| 945 | |d 19951027 00:00:00 |a cmena | ||
| 260 | |a Madrid |b Espasa-Calpe |c 1962 | ||
| 650 | 0 | |a Filosofía española |9 254895 | |
| 650 | 0 | |a Ética |9 255099 | |
| 650 | 0 | |a Conceptos morales |9 310606 | |
| 650 | 7 | |a CAZA |2 CL-VaPUC |9 342895 | |
| 650 | 7 | |a DEPORTES ECUESTRES |2 CL-VaPUC |9 341529 | |
| 583 | |a last modification |c 19951027 00:00:00 |k Rodrigo Vera | ||
| 490 | 0 | |a Colección Austral, 1328 | |
| 999 | |c 240204 |d 240202 | ||
| 952 | |0 0 |1 0 |4 0 |6 196_100000000000000_ORT_1962 |7 0 |8 P |9 251925 |a BIBEDU |b BIBEDU |c BIBEDU_PB |d 2019-11-18 |i 1588575 |o 196.1 ORT 1962 |p 1588575 |r 2024-01-25 |w 2019-11-18 |y BK |k FIL | ||